Pokémon fusionnés avec Papilusion - Statistiques

Statistiques générales
  • Ce quiz a été pris 102 fois
  • Le résultat moyen est 12 sur 16
Statistiques - réponses
Par images Réponse % Correct
Dodrio
92%
Scarhino
92%
Rosélia
90%
Trousselin
86%
Archéomire
83%
Hélédelle
83%
Soporifik
83%
Aflamanoir
81%
Arakdo
80%
Kyurem
75%
Mélokrik
74%
Rocabot
66%
Ninjask
59%
Salarsen
59%
Kraknoix
50%
Ptyranidur
48%
Aucun quiz correspondant
Distribution des résultats
% des personnes avec chaque résultat
Percentile par nombre de réponses
Votre historique - résultats
Vous n’avez pas pris ce quiz